[Event "Foros AeroSvit"]
[Site "Foros"]
[Date "2007.06.18"]
[Round "1"]
[White "GM Nisipeanu, Liviu-Dieter"]
[Black "GM Jakovenko, Dmitry"]
[Result "1/2-1/2"]
[WhiteElo "2693"]
[BlackElo "2708"]
[Annotator "Ëåáåäåâ Âàñèëèé"]
[PlyCount "70"]
[EventDate "2007.06.18"]

1. d4 d5 2. c4 c6 3. Nf3 Nf6 4. Nc3 dxc4 5. a4 Bf5 6. e3 e6 7. Bxc4 Bb4 8. O-O
O-O 9. Qe2 Nbd7 (9... Bg6 10. Ne5 Nbd7 11. Nxg6 hxg6 12. Rd1 Qe7 (12... Qa5 13.
h3 Rad8 14. Bd2 e5 15. Be1 exd4 16. Rxd4 Nb6 17. Bb3 Rxd4 18. exd4 Re8 19. Qd3
Nbd5 20. Bd2 Qb6 21. a5 Qc7 22. Nxd5 Nxd5 23. Bxb4 Nxb4 24. Qxg6 Nd5 25. Qf5 g6
26. Qf3 Qd6 27. a6 b6 28. g3 Kg7 29. Rc1 Re7 30. Kg2 Nb4 31. Qc3 Kg8 32. Re1
Rxe1 33. Qxe1 Kf8 34. Qc3 Nxa6 35. Qc4 Qd5+ 36. Qxd5 cxd5 37. Bxd5 Nb4 38. Bc4
Nc6 39. d5 Ne5 40. Bb5 f6 41. f4 Nf7 42. Kf3 Ke7 43. h4 f5 44. Ke3 Nd6 45. Be2
Ne4 46. g4 Nf6 47. gxf5 Nxd5+ 48. Ke4 Nf6+ 49. Ke5 Nd7+ 50. Kd5 gxf5 51. h5 Kf6
52. Kc6 Nc5 53. Bc4 Ne4 54. Bd5 Ng3 55. Bf3 Ne4 56. Kb7 Nd6+ 57. Kxa7 Nc4 58.
b4 Kg7 59. Be2 Ne3 60. Kxb6 Nd5+ 61. Kc5 Nxf4 62. Bf3 Kf6 63. b5 Ne6+ 64. Kc4
Nd8 65. b6 Kg5 66. Kd5 Nb7 67. Kc6 Nd8+ 68. Kd7 Nf7 69. b7 Ne5+ 70. Kd6 Nxf3
71. b8=Q Kxh5 72. Qf8 Kg4 73. Qg7+ Kf4 74. Kd5 Ke3 75. Qg3 f4 76. Qh3 Ke2 77.
Qg4 Ke3 78. Qg6 Nh4 79. Qe4+ Kf2 80. Qxf4+ Ke2 81. Qxh4 Kd3 82. Qg3+ Ke2 83.
Ke4 Kd2 84. Kd4 Ke2 85. Qg2+ Kd1 86. Kd3 {
1-0 Kasparov,G (2810)-Kramnik,V (2725)/Paris 1994/CBM 043 ext}) 13. e4 e5 14.
d5 Nb6 15. Bb3 a5 16. Be3 Bc5 17. d6 Bxd6 18. Bxb6 Nd7 19. Be3 Nc5 20. Bc4 Rad8
21. Rd2 Qc7 22. Rad1 Be7 23. g3 b6 24. h4 Rxd2 25. Rxd2 Rd8 26. Qf3 Bf6 27.
Rxd8+ Qxd8 28. Bxc5 bxc5 29. Qd3 Qc7 30. b3 g5 31. h5 Kh7 32. Qf3 Kh6 33. Nd1
g4 34. Qxg4 Bg5 35. Nc3 Qe7 36. Kg2 Bd2 37. Ne2 Qf6 38. Ng1 Bc3 39. Nf3 Bd4 40.
Qc8 g6 41. Qf8+ Qg7 42. Qe7 gxh5 43. Bxf7 c4 44. Qe6+ Kh7 45. Qf5+ Kh8 46. bxc4
{1-0 Kasparov,G (2815)-Georgiev,K (2615)/Munich 1994/EXT 2000}) 10. Rd1 Ne4 11.
Nxe4 Bxe4 12. Bd3 Bxd3 13. Rxd3 (13. Qxd3 Qa5 14. Bd2 Bxd2 15. Nxd2 Rfd8 16.
Nc4 Qc7 17. Qc3 Nb6 18. Ne5 Nd7 19. Nxd7 Rxd7 20. Rac1 Rad8 {
1/2-1/2 Reshevsky,S-Flohr,S/Semmering 1937/HCL}) 13... c5 14. b3 Qe7 $146 (
14... cxd4 15. Bb2 Qe7 16. Rxd4 Nf6 17. Rc4 Rad8 18. Rac1 Bd6 19. g3 Ba3 20.
Rc7 Rd7 21. Bxa3 Qxa3 22. Qb5 Rxc7 23. Rxc7 Nd5 24. Rxb7 Qc1+ 25. Kg2 Qc2 26.
Ne1 Qd2 27. Kf1 Nc3 28. Qd3 Qb2 29. Qc2 Nxa4 30. Qxb2 Nxb2 31. Rxa7 g6 32. Ra2
Nd1 33. Rc2 Rd8 34. Ke2 Kf8 35. Nf3 e5 36. Nd2 {
1-0 Ahlander,B (2410)-Schulz,R (2290)/Berlin 1998/CBM 066 ext}) 15. Bb2 Nf6 16.
Rad1 cxd4 17. Rxd4 Rac8 18. Rc4 (18. Ne5 $5) 18... Nd5 19. Rdc1 Rxc4 20. Rxc4
Ba3 21. Bd4 f6 22. g3 $6 (22. e4 $142 $1 Nb6 (22... Nf4 23. Qc2 $14) 23. Rc2 e5
24. Be3 Qe6 25. Qb5) 22... e5 $1 23. Bb2 Bxb2 24. Qxb2 Rd8 $11 25. Qc2 a5 (
25... Qe6 $5) 26. Rc8 g6 27. Nd2 $1 (27. Rxd8+ $5 Qxd8 28. Qd3 Qd7 29. Nd2 f5 (
29... Nb6 30. Qc3 $1) 30. Nc4 e4 31. Qd4 b6 32. Qe5 Nc7 $11) 27... Nb4 28. Qc4+
Kg7 29. Ne4 (29. Qc7 $5 Rd7 30. Qxa5 Nc6 31. Qc3 e4 $1 32. Qc2 Rd3 $44) 29...
f5 $1 $11 30. Rxd8 Qxd8 31. Nc5 Qd1+ 32. Qf1 (32. Kg2 Nc2 33. Ne6+ Kf6 34. Nd8
$1 Qxd8 35. Qxc2 $11) 32... Qd5 33. Qb5 Qd1+ 34. Qf1 Qd5 35. Qb5 Qd1+ 1/2-1/2